[Event "II Open Internacional Hotel Murta Xativa (Event Code: 141022)"]
[Site "Hotel Murta"]
[Date "2016.08.24"]
[Round "4"]
[Board "4"]
[White "Garcia Jimenez, Francisco Javier"]
[Black "Martorell Aubanell, Adria"]
[Result "1-0"]
[WhiteElo "2251"]
[BlackElo "2162"]
[PlyCount "51"]
[EventDate "2016.08.22"]
[EventRounds "9"]
[EventCountry "ESP"]

1. e4 e5 2. Nc3 Bc5 3. g3 Nf6 4. Bg2 O-O 5. h3 c6 6. d3 d5 7. Nge2 dxe4 8. dxe4
Qe7 9. O-O Rd8 10. Qe1 Nbd7 11. Kh1 Nf8 12. f4 exf4 13. Nxf4 N6d7 14. Nd3 Bd6
15. Qf2 Ne5 16. Be3 Be6 17. Rad1 Nfg6 18. Ne2 Qc7 19. Nef4 b6 20. Nxe6 fxe6 21.
Nf4 Qe7 22. Qe2 Rf8 23. b3 Rae8 24. Qd2 Rd8 25. Nxg6 Nxg6 26. Bg5 1-0

[Event "II Open Internacional Hotel Murta Xativa (Event Code: 141022)"]
[Site "Hotel Murta"]
[Date "2016.08.24"]
[Round "4"]
[Board "5"]
[White "Castella Garcia, Fausto"]
[Black "Reig Albero, Ferran"]
[Result "1-0"]
[WhiteElo "2325"]
[BlackElo "1993"]
[PlyCount "68"]
[EventDate "2016.08.22"]
[EventRounds "9"]
[EventCountry "ESP"]

1. e4 c5 2. Nf3 d6 3. d4 cxd4 4. Nxd4 Nf6 5. Nc3 Nc6 6. Bg5 e6 7. Qd2 Be7 8.
O-O-O O-O 9. Nb3 a5 10. a4 h6 11. Bxf6 Bxf6 12. Qxd6 Bxc3 13. bxc3 Qf6 14. Qg3
e5 15. Bc4 Be6 16. Bxe6 Qxe6 17. Rd5 Ne7 18. Rxe5 Qf6 19. Rd1 Rac8 20. Kb2 b6
21. Rd7 Ng6 22. Red5 Nf4 23. R5d6 Ne2 24. Rxf6 Nxg3 25. Rf4 g5 26. Rf6 Nxe4 27.
Rxh6 Nxc3 28. Rh5 Nxa4+ 29. Ka3 Rc4 30. Rxg5+ Kh7 31. Rd6 Rfc8 32. Rh5+ Kg7 33.
Nd4 Nc3 34. Nf5+ Kg8 1-0

[Event "II Open Internacional Hotel Murta Xativa (Event Code: 141022)"]
[Site "Hotel Murta"]
[Date "2016.08.24"]
[Round "4"]
[Board "6"]
[White "Garcia Martinez, Cesar"]
[Black "Gomez Jurado, Luis Alberto"]
[Result "0-1"]
[WhiteElo "1969"]
[BlackElo "2266"]
[PlyCount "66"]
[EventDate "2016.08.22"]
[EventRounds "9"]
[EventCountry "ESP"]

1. e4 c6 2. d4 d5 3. Nc3 dxe4 4. Nxe4 Bf5 5. Ng3 Bg6 6. Nf3 Nd7 7. h4 h6 8. h5
Bh7 9. Bd3 Bxd3 10. Qxd3 e6 11. Bd2 Ngf6 12. O-O-O Be7 13. Kb1 O-O 14. Ne4 Nxe4
15. Qxe4 Nf6 16. Qe2 Qd5 17. Qe5 Bd6 18. Qxd5 exd5 19. Ne5 Bxe5 20. dxe5 Ng4
21. Rdf1 Nxe5 22. Bc3 Rfe8 23. Rh4 f6 24. b3 c5 25. f4 Nf7 26. Rh3 Re2 27. Rg3
d4 28. Bb2 Nd6 29. Bc1 Rae8 30. Rg6 Ne4 31. Rf3 b5 32. f5 Nc3+ 33. Kb2 Re1 0-1

[Event "II Open Internacional Hotel Murta Xativa (Event Code: 141022)"]
[Site "Hotel Murta"]
[Date "2016.08.24"]
[Round "4"]
[Board "7"]
[White "Hernandez Torralba, Sergio"]
[Black "Ibanez Aullana, Ramon"]
[Result "0-1"]
[WhiteElo "1904"]
[BlackElo "2249"]
[PlyCount "120"]
[EventDate "2016.08.22"]
[EventRounds "9"]
[EventCountry "ESP"]

1. e4 e5 2. Nf3 Nc6 3. Bc4 Nf6 4. d4 exd4 5. O-O Bc5 6. c3 d6 7. cxd4 Bb6 8. h3
h6 9. Re1 O-O 10. Nc3 Re8 11. a3 Na5 12. Ba2 c5 13. d5 c4 14. Nd2 Qc7 15. Qe2
Bf5 16. Bxc4 a6 17. Bd3 Bd4 18. Qf1 Bxc3 19. bxc3 Qxc3 20. Ra2 Bg6 21. Rc2 Qe5
22. Bb2 Qe7 23. Bc3 Qd8 24. Bb4 Nxd5 25. exd5 Rxe1 26. Qxe1 Bxd3 27. Rc3 Bg6
28. Ne4 Bxe4 29. Qxe4 b5 30. Bxa5 Qxa5 31. Rc6 Qxa3 32. Qe7 Qa1+ 33. Kh2 Qe5+
34. Qxe5 dxe5 35. d6 Kf8 36. d7 Rd8 37. Rxa6 Rxd7 38. Rb6 Rd5 39. Rb7 g5 40.
Kg3 Kg7 41. h4 Kg6 42. h5+ Kxh5 43. Rxf7 Kg6 44. Rb7 h5 45. Kf3 Kf5 46. Rf7+
Ke6 47. Rh7 h4 48. Rb7 Kd6 49. Kg4 e4 50. Rb8 Kc5 51. Re8 Kd4 52. Rb8 Kd3 53.
Rb6 e3 54. fxe3 Kxe3 55. Re6+ Kf2 56. Rc6 Kxg2 57. Rc2+ Kf1 58. Kf3 Ke1 59. Ke3
Kd1 60. Rb2 Kc1 0-1

[Event "II Open Internacional Hotel Murta Xativa (Event Code: 141022)"]
[Site "Hotel Murta"]
[Date "2016.08.24"]
[Round "4"]
[Board "8"]
[White "Garcia Amoros, Pablo"]
[Black "Gonzalvez Tamarit, Ruben"]
[Result "1/2-1/2"]
[WhiteElo "2175"]
[BlackElo "1974"]
[PlyCount "30"]
[EventDate "2016.08.22"]
[EventRounds "9"]
[EventCountry "ESP"]

1. e4 e5 2. Nf3 Nc6 3. Bb5 Bc5 4. c3 Nf6 5. d4 exd4 6. e5 Nd5 7. O-O O-O 8.
cxd4 Bb6 9. Nc3 Nxc3 10. bxc3 d5 11. Bg5 Ne7 12. Bd3 h6 13. Bh4 Bg4 14. Qd2 Qd7
15. Bxe7 Qxe7 1/2-1/2

[Event "II Open Internacional Hotel Murta Xativa (Event Code: 141022)"]
[Site "Hotel Murta"]
[Date "2016.08.24"]
[Round "4"]
[Board "9"]
[White "Uran Bermudez, Oliver Kevin"]
[Black "Gomar Juan, Miguel"]
[Result "1-0"]
[WhiteElo "2104"]
[BlackElo "1894"]
[PlyCount "181"]
[EventDate "2016.08.22"]
[EventRounds "9"]
[EventCountry "ESP"]

1. d4 Nf6 2. Nf3 c5 3. d5 g6 4. Nc3 d6 5. e4 Bg7 6. Bb5+ Bd7 7. a4 O-O 8. h3
Bxb5 9. axb5 Nbd7 10. Be3 a6 11. bxa6 bxa6 12. Qd3 Qb6 13. O-O Rfb8 14. Ra2 Qc7
15. b3 Rb4 16. Rfa1 c4 17. bxc4 Qxc4 18. Rxa6 Rxa6 19. Rxa6 h6 20. Rc6 Nc5 21.
Bxc5 dxc5 22. Rc8+ Kh7 23. Ne5 Qxd3 24. Nxd3 Rd4 25. f3 Nd7 26. Rc7 c4 27. Ne1
Rd2 28. Nb5 Rd1 29. Kf1 Rb1 30. Rxd7 Rxb5 31. f4 Bc3 32. Nf3 Bb4 33. e5 Kg7 34.
d6 exd6 35. e6 Kf8 36. exf7 Rf5 37. g3 g5 38. Nd4 Rxf7 39. Rd8+ Kg7 40. Ke2
gxf4 41. Ne6+ Kf6 42. Nxf4 Bc5 43. Kf3 Ke5 44. c3 Ra7 45. Re8+ Kf6 46. Re6+ Kf7
47. Rxh6 Ra2 48. g4 Rc2 49. Ne2 Rd2 50. Rh7+ Kg6 51. Re7 Kf6 52. Re8 Kf7 53.
Re4 Kf6 54. Rxc4 Rd3+ 55. Kg2 Rd2 56. Re4 Kg5 57. Re8 Kh4 58. Rh8+ Kg5 59. Rh5+
Kg6 60. Kf3 Rd3+ 61. Kf4 Rd2 62. Ng3 Rf2+ 63. Ke4 Rg2 64. Nf5 Re2+ 65. Kd3 Rg2
66. Ne7+ Kf6 67. Nd5+ Kf7 68. g5 Rg3+ 69. Kc4 Kg6 70. Rh8 Kxg5 71. h4+ Kg4 72.
h5 Rh3 73. h6 Kg5 74. h7 Rh4+ 75. Kb5 Kg6 76. Nf6 Kxf6 77. Rf8+ Ke6 78. h8=Q
Rxh8 79. Rxh8 Kd5 80. Ra8 Bg1 81. Ra1 Bh2 82. Rd1+ Ke6 83. Kc6 Be5 84. c4 Ke7
85. Re1 Ke6 86. Re2 Kf6 87. Kd5 Ke7 88. c5 Kd7 89. Ra2 Kc7 90. Ra7+ Kb8 91. Rh7
 1-0

[Event "II Open Internacional Hotel Murta Xativa (Event Code: 141022)"]
[Site "Hotel Murta"]
[Date "2016.08.24"]
[Round "4"]
[Board "10"]
[White "Hompanera Lopez, Enrique"]
[Black "Gomez Maestro, Gustavo"]
[Result "1-0"]
[WhiteElo "2044"]
[BlackElo "1638"]
[PlyCount "43"]
[EventDate "2016.08.22"]
[EventRounds "9"]
[EventCountry "ESP"]

1. e4 e6 2. d4 d5 3. Nd2 dxe4 4. Nxe4 Bd7 5. Nf3 Bc6 6. Bd3 Nd7 7. c3 Ngf6 8.
Bg5 Be7 9. Nxf6+ Bxf6 10. Bf4 O-O 11. O-O Re8 12. Re1 b6 13. Ne5 Nxe5 14. dxe5
Qd5 15. Be4 Qxd1 16. Raxd1 Bxe4 17. Rxe4 Rad8 18. Red4 Rxd4 19. Rxd4 Rd8 20.
exf6 Re8 21. Bxc7 e5 22. Rd8 1-0

[Event "II Open Internacional Hotel Murta Xativa (Event Code: 141022)"]
[Site "Hotel Murta"]
[Date "2016.08.24"]
[Round "4"]
[Board "11"]
[White "Miquel Badenes, Indalecio"]
[Black "Gomez Sanjuan, Hector Fernando"]
[Result "0-1"]
[WhiteElo "1863"]
[BlackElo "2025"]
[PlyCount "103"]
[EventDate "2016.08.22"]
[EventRounds "9"]
[EventCountry "ESP"]

1. d4 Nf6 2. Nf3 c5 3. d5 d6 4. c4 e6 5. Nc3 exd5 6. cxd5 g6 7. g3 Bg7 8. Bg2
O-O 9. O-O Re8 10. Nd2 a6 11. a4 Nbd7 12. Qc2 Ne5 13. h3 Nh5 14. Kh2 f5 15. f4
g5 16. Nf3 gxf4 17. gxf4 Nxf3+ 18. Bxf3 Qh4 19. Bg2 Bd4 20. Qd3 Re7 21. Bd2 Be3
22. Rf3 Nxf4 23. Qxe3 Rxe3 24. Bxe3 Ng6 25. Bf2 Qe7 26. Bg3 Bd7 27. e4 Rf8 28.
exf5 Rxf5 29. Re1 Ne5 30. Rfe3 Rh5 31. Kg1 Qg7 32. Bh2 Rg5 33. R1e2 Bf5 34.
Bxe5 dxe5 35. Rxe5 Bd7 36. Re7 Qd4+ 37. Kh1 Bxh3 38. Rxb7 Bxg2+ 39. Rxg2 Qh4+
40. Kg1 Qe1+ 41. Kh2 Qe5+ 42. Kg1 Rxg2+ 43. Kxg2 h5 44. Rb6 h4 45. Re6 Qg3+ 46.
Kh1 h3 47. Re2 a5 48. Rc2 Kg7 49. Re2 Kg6 50. Rc2 Kh5 51. Nb5 Qf3+ 52. Kh2 0-1

[Event "II Open Internacional Hotel Murta Xativa (Event Code: 141022)"]
[Site "Hotel Murta"]
[Date "2016.08.24"]
[Round "4"]
[Board "12"]
[White "Hernandez Torralba, Jose Joaquin"]
[Black "Martinez Lopez, Jose Luis"]
[Result "0-1"]
[WhiteElo "2023"]
[BlackElo "1631"]
[PlyCount "52"]
[EventDate "2016.08.22"]
[EventRounds "9"]
[EventCountry "ESP"]

1. e4 c5 2. b3 d6 3. f4 Nc6 4. Nc3 Nf6 5. Bb5 Bd7 6. Nf3 g6 7. Bb2 Nd4 8. Bxd7+
Qxd7 9. O-O Bg7 10. Re1 O-O 11. e5 Nxf3+ 12. Qxf3 dxe5 13. fxe5 Ng4 14. e6 Qd4+
15. Re3 Nxe3 16. dxe3 Qh4 17. Qxb7 fxe6 18. g3 Qg5 19. Re1 Qf5 20. Qg2 c4 21.
e4 Qc5+ 22. Kh1 Qa5 23. Qd2 Rad8 24. Qe3 cxb3 25. cxb3 Bd4 26. Qc1 Rc8 0-1

[Event "II Open Internacional Hotel Murta Xativa (Event Code: 141022)"]
[Site "Hotel Murta"]
[Date "2016.08.24"]
[Round "4"]
[Board "13"]
[White "Montalban Galvez, Antoni"]
[Black "Alcala Cuesta, Miguel"]
[Result "1-0"]
[WhiteElo "2221"]
[BlackElo "1752"]
[PlyCount "59"]
[EventDate "2016.08.22"]
[EventRounds "9"]
[EventCountry "ESP"]

1. d4 Nf6 2. Nf3 g6 3. g3 Bg7 4. Bg2 O-O 5. O-O d5 6. c4 c6 7. Qb3 Nbd7 8. Nc3
e6 9. Bf4 Qe7 10. Rad1 Nh5 11. Bg5 Nhf6 12. e4 dxe4 13. Nxe4 h6 14. Nxf6+ Nxf6
15. Bf4 g5 16. Bd2 a5 17. Rfe1 Qc7 18. h4 gxh4 19. Bf4 Qd8 20. Nxh4 Nh5 21. Bc1
Qc7 22. Nf3 c5 23. Be3 cxd4 24. Bxd4 f6 25. Nh4 Qf7 26. Nf5 Qc7 27. Bb6 Qb8 28.
Nd6 Ra6 29. c5 Rxb6 30. Qxb6 1-0

[Event "II Open Internacional Hotel Murta Xativa (Event Code: 141022)"]
[Site "Hotel Murta"]
[Date "2016.08.24"]
[Round "4"]
[Board "14"]
[White "Galvan Cipriani, Viviana"]
[Black "Gomez Ferrer, Jesus"]
[Result "0-1"]
[WhiteElo "1662"]
[BlackElo "2081"]
[PlyCount "60"]
[EventDate "2016.08.22"]
[EventRounds "9"]
[EventCountry "ESP"]

1. c4 Nf6 2. Nc3 d5 3. cxd5 Nxd5 4. g3 e5 5. Bg2 c6 6. Nf3 Nxc3 7. bxc3 Bd6 8.
O-O O-O 9. d3 Be6 10. c4 Nd7 11. Ng5 Bg4 12. Ne4 Qe7 13. a4 Rfe8 14. Rb1 b6 15.
h3 Bh5 16. g4 Bg6 17. Ng3 Rac8 18. e4 Nc5 19. Ne2 h5 20. f4 hxg4 21. hxg4 exf4
22. Bxf4 Red8 23. Qc2 Nxd3 24. Bxd6 Qxd6 25. Rbd1 Qc5+ 26. Kh2 Qe5+ 27. Ng3 Nc5
28. Kh3 Ne6 29. Nf5 Ng5+ 30. Kh4 Qh2+ 0-1

[Event "II Open Internacional Hotel Murta Xativa (Event Code: 141022)"]
[Site "Hotel Murta"]
[Date "2016.08.24"]
[Round "4"]
[Board "15"]
[White "Sanz Garcia, Roberto"]
[Black "Borras Cerda, Carlos"]
[Result "1-0"]
[WhiteElo "1931"]
[BlackElo "1452"]
[PlyCount "95"]
[EventDate "2016.08.22"]
[EventRounds "9"]
[EventCountry "ESP"]

1. e4 c6 2. Nc3 d5 3. Nf3 dxe4 4. Nxe4 Bf5 5. Ng3 Bg6 6. h4 h6 7. Ne5 Bh7 8.
Qh5 g6 9. Bc4 e6 10. Qf3 Nf6 11. Ne4 Bg7 12. d4 O-O 13. Nxf6+ Bxf6 14. Bxh6 Bg7
15. Bxg7 Kxg7 16. O-O-O Nd7 17. Qg3 Nb6 18. Bb3 a5 19. c3 a4 20. Bc2 Qd5 21.
Bb1 Nc8 22. h5 Ne7 23. c4 Qa5 24. c5 a3 25. b3 Rad8 26. hxg6 Bxg6 27. Bxg6 Nxg6
28. Qe3 Rh8 29. Nxg6 fxg6 30. Rxh8 Kxh8 31. Qh6+ Kg8 32. Qxg6+ Kf8 33. Qf6+ Kg8
34. Qxe6+ Kg7 35. Qc4 Rd5 36. Kc2 Qc7 37. Qc3 Rg5 38. d5+ Kg8 39. Rh1 Qg7 40.
Rh3 cxd5 41. Qxg7+ Kxg7 42. Rg3 Rxg3 43. fxg3 Kf6 44. Kd3 Ke5 45. b4 d4 46. g4
Kf4 47. Kxd4 Kxg4 48. b5 1-0

[Event "II Open Internacional Hotel Murta Xativa (Event Code: 141022)"]
[Site "Hotel Murta"]
[Date "2016.08.25"]
[Round "5"]
[Board "1"]
[White "Munoz, Miguel"]
[Black "Bas Mas, Miguel"]
[Result "1-0"]
[WhiteElo "2451"]
[BlackElo "2123"]
[PlyCount "45"]
[EventDate "2016.08.22"]
[EventRounds "9"]
[EventCountry "ESP"]

1. e4 c5 2. g3 d5 3. exd5 Qxd5 4. Nf3 Bg4 5. Be2 Nc6 6. h3 Bh5 7. Nc3 Qd7 8. d3
Nf6 9. Be3 b6 10. g4 Bg6 11. d4 a6 12. Ne5 Nxe5 13. dxe5 Qxd1+ 14. Rxd1 Nd7 15.
f4 e6 16. O-O f5 17. Bc4 fxg4 18. Bxe6 Ra7 19. hxg4 Bf7 20. Bxf7+ Kxf7 21. Rd5
Be7 22. f5 Ke8 23. g5 1-0

[Event "II Open Internacional Hotel Murta Xativa (Event Code: 141022)"]
[Site "Hotel Murta"]
[Date "2016.08.25"]
[Round "5"]
[Board "2"]
[White "Garcia Jimenez, Francisco Javier"]
[Black "Cruz Lledo, Pablo"]
[Result "0-1"]
[WhiteElo "2251"]
[BlackElo "2414"]
[PlyCount "68"]
[EventDate "2016.08.22"]
[EventRounds "9"]
[EventCountry "ESP"]

1. e4 c6 2. Nf3 d5 3. Nc3 Bg4 4. h3 Bxf3 5. Qxf3 e6 6. d4 Nf6 7. Bg5 h6 8. Bxf6
Qxf6 9. Qxf6 gxf6 10. a3 Nd7 11. Be2 O-O-O 12. O-O-O dxe4 13. Nxe4 f5 14. Nc3
Nf6 15. Bf3 h5 16. Kb1 h4 17. Rhe1 Bd6 18. Na2 Rhg8 19. Nb4 Bxb4 20. axb4 Nd5
21. Bxd5 Rxd5 22. Rg1 e5 23. dxe5 Rxg2 24. Rxg2 Rxd1+ 25. Ka2 Kd7 26. Rg7 Ke6
27. Rh7 Rd4 28. c3 Rf4 29. Kb3 Rxf2 30. Rxh4 Kxe5 31. Rh8 Rd2 32. Ra8 f4 33.
Rxa7 f3 34. Rxb7 f5 0-1

[Event "II Open Internacional Hotel Murta Xativa (Event Code: 141022)"]
[Site "Hotel Murta"]
[Date "2016.08.25"]
[Round "5"]
[Board "3"]
[White "Kovacevic, Slobodan"]
[Black "Nieves Cabanes, Javier"]
[Result "1-0"]
[WhiteElo "2303"]
[BlackElo "2215"]
[PlyCount "89"]
[EventDate "2016.08.22"]
[EventRounds "9"]
[EventCountry "ESP"]

1. d4 Nf6 2. Nf3 d5 3. Bf4 c5 4. e3 Nc6 5. c3 Qb6 6. Qb3 c4 7. Qc2 Bf5 8. Qc1
e6 9. Nbd2 Be7 10. Be2 h6 11. Bd1 Qd8 12. Bc2 Bxc2 13. Qxc2 b5 14. a3 a5 15.
O-O O-O 16. e4 b4 17. Ne5 Qb6 18. Rfe1 Nxe5 19. Bxe5 Rfc8 20. Bxf6 Bxf6 21.
exd5 exd5 22. Nf1 bxc3 23. bxc3 Qb3 24. Qd2 Rab8 25. a4 Qb7 26. g3 Qd7 27. Qc2
Rb3 28. Nd2 Rb6 29. Rab1 Rcb8 30. Rxb6 Rxb6 31. Nf1 g6 32. Ne3 Rb3 33. Rb1 Qxa4
34. Nxd5 Bg7 35. Re1 Qb5 36. Qe4 Kh7 37. g4 a4 38. Kg2 a3 39. Qf3 Qc6 40. Ra1
Qb7 41. Rxa3 Rb5 42. Ra5 Rb3 43. Rc5 Qa7 44. Rc7 Qa8 45. Nf6+ 1-0

[Event "II Open Internacional Hotel Murta Xativa (Event Code: 141022)"]
[Site "Hotel Murta"]
[Date "2016.08.25"]
[Round "5"]
[Board "4"]
[White "Ibanez Aullana, Ramon"]
[Black "Castella Garcia, Fausto"]
[Result "0-1"]
[WhiteElo "2249"]
[BlackElo "2325"]
[PlyCount "122"]
[EventDate "2016.08.22"]
[EventRounds "9"]
[EventCountry "ESP"]

1. d4 g6 2. e4 Bg7 3. Nc3 c6 4. Be3 d5 5. Qd2 dxe4 6. Nxe4 Nd7 7. O-O-O Ngf6 8.
f3 Nxe4 9. fxe4 Nf6 10. e5 Nd5 11. Bh6 Bxh6 12. Qxh6 Qa5 13. Bc4 Bf5 14. Bb3
O-O-O 15. Nf3 f6 16. Rhe1 Bg4 17. Kb1 f5 18. Rc1 Bxf3 19. gxf3 Kb8 20. h4 c5
21. Red1 Nb6 22. c4 cxd4 23. c5 Nd7 24. Rxd4 Nxe5 25. Qf4 Qc7 26. Re1 Nc6 27.
Rxd8+ Rxd8 28. Qe3 e5 29. Ba4 Nd4 30. b4 a5 31. a3 axb4 32. axb4 e4 33. fxe4 f4
34. Qc3 Qe5 35. b5 f3 36. c6 Nxc6 37. Qxf3 Rd2 38. Qa3 Na5 39. Qf8+ Ka7 40. b6+
Ka6 41. Qb4 Rd4 42. Qb2 Nc4 43. Qe2 Rxe4 44. Qxc4+ Rxc4 45. Rxe5 Rxa4 46. h5
Rb4+ 47. Kc2 Rb5 48. Re6 Rxh5 49. Kd3 Rb5 50. Kc4 Rxb6 51. Re7 Rc6+ 52. Kd5 h5
53. Rh7 Rc3 54. Rh6 Rg3 55. Kc5 Rg5+ 56. Kb4 Rg4+ 57. Kc5 h4 58. Rh8 Rg5+ 59.
Kb4 Rh5 60. Rg8 g5 61. Kc5 g4+ 0-1

[Event "II Open Internacional Hotel Murta Xativa (Event Code: 141022)"]
[Site "Hotel Murta"]
[Date "2016.08.25"]
[Round "5"]
[Board "5"]
[White "Martinez Lopez, Jose Luis"]
[Black "Ballester Llagaria, Luis Eduardo"]
[Result "0-1"]
[WhiteElo "1631"]
[BlackElo "2299"]
[PlyCount "122"]
[EventDate "2016.08.22"]
[EventRounds "9"]
[EventCountry "ESP"]

1. c4 b6 2. Nf3 Bb7 3. Nc3 e6 4. g3 Bxf3 5. exf3 c5 6. f4 Nc6 7. Bg2 Nge7 8.
O-O Nf5 9. Re1 Be7 10. d3 O-O 11. Rb1 Rc8 12. a3 Re8 13. Bd2 Nfd4 14. Ne2 Nxe2+
15. Qxe2 Nd4 16. Qd1 d6 17. Bc3 Bf6 18. Qd2 Qd7 19. b4 Qa4 20. Bxd4 Bxd4 21.
Qa2 cxb4 22. Rxb4 Qa5 23. Rbb1 Qf5 24. Be4 Qf6 25. a4 g6 26. a5 bxa5 27. Rb5
Bb6 28. Reb1 Red8 29. Kg2 Qd4 30. Qb2 Qxb2 31. R1xb2 Rc5 32. R5b3 Kf8 33. h4 d5
34. cxd5 exd5 35. Bf3 d4 36. Bb7 Rc3 37. Ba6 Re8 38. Bb5 Re1 39. Bc4 a4 40. Rb4
Ra1 41. Rb1 Rxb1 42. Rxb1 Ke7 43. Re1+ Kd6 44. Rb1 a3 45. g4 Kc5 46. Rb5+ Kc6
47. Rb1 f6 48. f5 gxf5 49. gxf5 Rc2 50. Rb4 Bc5 51. Ra4 Rb2 52. Kg3 Rb4 53. Ra5
Kb6 54. Ra6+ Kb7 55. Ra5 Kb6 56. Ra6+ Kc7 57. Ra5 Rxc4 58. dxc4 Kb6 59. Ra4 a5
60. Kf3 d3 61. h5 h6 0-1

[Event "II Open Internacional Hotel Murta Xativa (Event Code: 141022)"]
[Site "Hotel Murta"]
[Date "2016.08.25"]
[Round "5"]
[Board "6"]
[White "Gomez Jurado, Luis Alberto"]
[Black "Uran Bermudez, Oliver Kevin"]
[Result "0-1"]
[WhiteElo "2266"]
[BlackElo "2104"]
[PlyCount "90"]
[EventDate "2016.08.22"]
[EventRounds "9"]
[EventCountry "ESP"]

1. c4 e5 2. g3 Nc6 3. Nc3 Bc5 4. Nf3 a6 5. Bg2 d6 6. O-O Be6 7. d3 Qd7 8. a3
Bh3 9. b4 Ba7 10. Bxh3 Qxh3 11. Nd5 Qd7 12. Bb2 Nge7 13. Nxe7 Nxe7 14. d4 e4
15. Nd2 f5 16. e3 h5 17. f3 exf3 18. Qxf3 O-O-O 19. a4 g5 20. b5 g4 21. Qg2 d5
22. bxa6 bxa6 23. c5 h4 24. Qe2 Qe6 25. c6 Nxc6 26. Qxa6+ Kd7 27. Rfe1 hxg3 28.
hxg3 Rb8 29. Ba3 Qh6 30. Kf1 Qh2 31. Rac1 Rb6 32. Qd3 Rh5 33. a5 f4 34. exf4
Nxd4 35. Re7+ Kd8 36. axb6 Bxb6 37. Ke1 Qg1+ 38. Nf1 Ba5+ 39. Kd1 Rh2 40. Rc3
Bxc3 41. Qxc3 Qxf1+ 42. Re1 Qb5 43. Be7+ Kc8 44. Kc1 Ne2+ 45. Rxe2 Qxe2 0-1

[Event "II Open Internacional Hotel Murta Xativa (Event Code: 141022)"]
[Site "Hotel Murta"]
[Date "2016.08.25"]
[Round "5"]
[Board "7"]
[White "Nieves Cabanes, Jose Manuel"]
[Black "Hompanera Lopez, Enrique"]
[Result "1-0"]
[WhiteElo "2227"]
[BlackElo "2044"]
[PlyCount "81"]
[EventDate "2016.08.22"]
[EventRounds "9"]
[EventCountry "ESP"]

1. d4 Nf6 2. c4 c5 3. d5 b5 4. cxb5 a6 5. bxa6 g6 6. Nc3 Bg7 7. e4 O-O 8. a7
Rxa7 9. Nf3 e6 10. Be2 exd5 11. exd5 d6 12. O-O Na6 13. Bf4 Nc7 14. h3 Re8 15.
Bg5 Bb7 16. Nd2 h6 17. Bh4 Ncxd5 18. Nxd5 Bxd5 19. Nc4 Bc6 20. Bf3 d5 21. Ne3
g5 22. Bg3 Ne4 23. Nf5 Qf6 24. Bxe4 Rxe4 25. Nxg7 Kxg7 26. b3 Qe6 27. Qc2 c4
28. Rfc1 f5 29. bxc4 dxc4 30. f3 Re2 31. Qc3+ Kg6 32. Re1 Rxe1+ 33. Rxe1 Qd5
34. a3 Rd7 35. Bf2 Rd6 36. Re7 Rf6 37. Bd4 Rf7 38. Re5 Qd6 39. Qxc4 Rf6 40. Re1
Qd5 41. Qxd5 1-0

[Event "II Open Internacional Hotel Murta Xativa (Event Code: 141022)"]
[Site "Hotel Murta"]
[Date "2016.08.25"]
[Round "5"]
[Board "8"]
[White "Martorell Aubanell, Adria"]
[Black "Martin Perez, Carlos"]
[Result "1-0"]
[WhiteElo "2162"]
[BlackElo "1961"]
[PlyCount "121"]
[EventDate "2016.08.22"]
[EventRounds "9"]
[EventCountry "ESP"]

1. e4 c5 2. Nf3 d6 3. d4 cxd4 4. Nxd4 g6 5. Nc3 Bg7 6. Be3 Nf6 7. f3 Nc6 8. Qd2
O-O 9. Bc4 Bd7 10. h4 Qa5 11. Nb3 Qc7 12. h5 Nxh5 13. Nd5 Qd8 14. g4 Ne5 15.
Be2 Ng3 16. O-O-O b5 17. Bh6 Nxe2+ 18. Qxe2 Bxh6+ 19. Rxh6 e6 20. Ne3 Qg5 21.
Rhh1 Nc4 22. Rd3 Nxe3 23. Rxe3 a5 24. Nd2 Rfc8 25. Rd3 Rc6 26. Qh2 Rac8 27. c3
b4 28. f4 Qb5 29. Qxh7+ Kf8 30. g5 Be8 31. Qh8+ Ke7 32. Qf6+ Kd7 33. Rhh3 bxc3
34. Rxc3 Rxc3+ 35. Rxc3 Rxc3+ 36. Qxc3 d5 37. Qd4 Kc6 38. Kc2 Qc5+ 39. Qxc5+
Kxc5 40. Nb3+ Kb6 41. exd5 exd5 42. Kc3 a4 43. Nc1 Kc5 44. Nd3+ Kd6 45. Kd4 Bb5
46. Nc5 Bc6 47. b4 Bb5 48. a3 Bc6 49. Nd3 Bb5 50. Nb2 Ke6 51. Kc5 Be2 52. b5
Kf5 53. Nxa4 Kxf4 54. Nc3 Bg4 55. a4 Kxg5 56. a5 f5 57. b6 f4 58. b7 f3 59.
Nxd5 f2 60. Ne3 Kf4 61. Kd4 1-0

[Event "II Open Internacional Hotel Murta Xativa (Event Code: 141022)"]
[Site "Hotel Murta"]
[Date "2016.08.25"]
[Round "5"]
[Board "9"]
[White "Cortes Marti, Javier"]
[Black "Sanz Garcia, Roberto"]
[Result "1/2-1/2"]
[WhiteElo "2082"]
[BlackElo "1931"]
[PlyCount "101"]
[EventDate "2016.08.22"]
[EventRounds "9"]
[EventCountry "ESP"]

1. d4 Nf6 2. c4 e6 3. Nf3 b6 4. Nc3 Bb4 5. e3 O-O 6. Bd3 Re8 7. O-O Bb7 8. Qe2
Bxc3 9. bxc3 Be4 10. Bb2 d6 11. Rfd1 Nc6 12. c5 Bxd3 13. Rxd3 d5 14. cxb6 axb6
15. Ne5 Nxe5 16. dxe5 Ne4 17. c4 Nc5 18. Rdd1 Na4 19. e4 Ra5 20. f4 Qa8 21.
exd5 exd5 22. cxd5 Rxd5 23. h3 Red8 24. Rxd5 Qxd5 25. Rc1 Qxa2 26. Rc2 Nxb2 27.
Rxb2 Qa4 28. g3 Rd1+ 29. Kh2 Qd4 30. Qg2 g6 31. h4 h5 32. Qa8+ Kg7 33. Rg2 Ra1
34. Qc6 Qd1 35. Qf6+ Kg8 36. Kh3 Qh1+ 37. Rh2 Qf1+ 38. Rg2 Rd1 39. e6 Qh1+ 40.
Rh2 Qd5 41. Qxf7+ Kh8 42. Qxg6 Qf3 43. Qf6+ Kg8 44. Qg5+ Kh7 45. Qf5+ Kg8 46.
Qg6+ Kh8 47. Qc2 Rg1 48. Rg2 Rh1+ 49. Rh2 Rg1 50. Rg2 Rh1+ 51. Rh2 1/2-1/2

[Event "II Open Internacional Hotel Murta Xativa (Event Code: 141022)"]
[Site "Hotel Murta"]
[Date "2016.08.25"]
[Round "5"]
[Board "10"]
[White "Gomez Ferrer, Jesus"]
[Black "Juan Beneyto, Daniel"]
[Result "1-0"]
[WhiteElo "2081"]
[BlackElo "1436"]
[PlyCount "63"]
[EventDate "2016.08.22"]
[EventRounds "9"]
[EventCountry "ESP"]

1. e4 e5 2. Nf3 d6 3. d4 exd4 4. Nxd4 Nf6 5. Nc3 Be7 6. Bc4 Bd7 7. Bf4 Nc6 8.
Nxc6 Bxc6 9. Qd4 O-O 10. O-O-O a6 11. f3 b5 12. Bb3 Bb7 13. a3 Qc8 14. Qd2 Rd8
15. g4 c5 16. g5 Nh5 17. Nd5 Bxd5 18. Bxd5 Ra7 19. Be3 g6 20. Qf2 Qc7 21. f4
Kg7 22. f5 f6 23. Rhg1 Rf8 24. Qh4 Kh8 25. Rdf1 Qd8 26. Qxh5 gxh5 27. g6 Kg7
28. gxh7+ Kxh7 29. Rg6 Rg8 30. Rh6+ Kg7 31. Rg1+ Kf8 32. Rxg8# 1-0

[Event "II Open Internacional Hotel Murta Xativa (Event Code: 141022)"]
[Site "Hotel Murta"]
[Date "2016.08.25"]
[Round "5"]
[Board "11"]
[White "Gonzalvez Tamarit, Ruben"]
[Black "Garcia Martinez, Cesar"]
[Result "1/2-1/2"]
[WhiteElo "1974"]
[BlackElo "1969"]
[PlyCount "41"]
[EventDate "2016.08.22"]
[EventRounds "9"]
[EventCountry "ESP"]

1. e4 c5 2. Nf3 d6 3. d4 cxd4 4. Nxd4 Nf6 5. Nc3 Nc6 6. f3 a6 7. Be3 e6 8. Qd2
Bd7 9. O-O-O Rc8 10. g4 h6 11. h4 Nxd4 12. Qxd4 Bc6 13. Rg1 Nd7 14. g5 hxg5 15.
hxg5 b5 16. g6 f6 17. f4 Qc7 18. Bd3 e5 19. fxe5 dxe5 20. Qa7 Qxa7 21. Bxa7
 1/2-1/2

[Event "II Open Internacional Hotel Murta Xativa (Event Code: 141022)"]
[Site "Hotel Murta"]
[Date "2016.08.25"]
[Round "5"]
[Board "12"]
[White "Reig Albero, Ferran"]
[Black "Vila Tormo, Eduardo"]
[Result "1-0"]
[WhiteElo "1993"]
[BlackElo "1653"]
[PlyCount "39"]
[EventDate "2016.08.22"]
[EventRounds "9"]
[EventCountry "ESP"]

1. e4 c5 2. Nf3 d6 3. d4 cxd4 4. Nxd4 Nf6 5. Nc3 e6 6. Bd3 Be7 7. f4 Nbd7 8.
Qf3 Rb8 9. Be3 Nc5 10. O-O Bd7 11. e5 Ng8 12. f5 Nxd3 13. cxd3 exf5 14. Nxf5
Bxf5 15. Qxf5 f6 16. Bxa7 Ra8 17. Nb5 dxe5 18. Rac1 Nh6 19. Qh5+ Kf8 20. Nc7
 1-0